|
|
|
|
| LEADER |
00000nam a22000007a 4500 |
| 005 |
20170822213436.0 |
| 007 |
cr|||| ||| |
| 008 |
170822s2017 br |||||s|||| 00||0 por d |
| 020 |
|
|
|a 978-85-7456-335-0
|
| 035 |
|
|
|a 20422
|
| 040 |
|
|
|a vLex
|
| 090 |
|
|
|c 6827
|d 6827
|
| 100 |
1 |
|
|a Humberto, Theodoro Jn︢ior
|
| 245 |
1 |
0 |
|a Processo de Execuȯ̂ e Cumprimento da Sentenȧ
|h [Recurso electrn̤ico] /
|c Theodoro Jn︢ior Humberto
|
| 256 |
|
|
|a Servicio en ln̕ea
|
| 260 |
|
|
|a San Pablo:
|b LEUD - Livraria e Editora Universitr̀ia de Direito,
|c 2017
|
| 300 |
|
|
|a 1 recurso electrn̤ico
|
| 506 |
1 |
|
|a Disponible solo en los productos indicados
|d vLex Global
|d vLex Global (Academic Edition, excluding Law Schools)
|d vLex Global (U.S. Academic Edition, Law Schools)
|d vLex Global (U.S. Academic Edition, excluding Law Schools)
|d vLex Global (Academic Edition, Law Schools)
|
| 650 |
0 |
4 |
|a Procedimiento Civil
|z Brasil
|
| 740 |
0 |
|
|a vLex Libros (Servicio en ln̕ea)
|
| 856 |
4 |
0 |
|u http://vlex.com/source/processo-execu-o-cumprimento-senten-a-20422
|z Acceso restringido
|
| 942 |
|
|
|c BOOK
|
| 999 |
0 |
|
|a Civil Procedure
|